000 01331nam a2200277Ia 4500
003 OSt
005 20200825175934.0
008 191128s1995 ck ado gr 000 0 spa d
020 _a958180126X
040 _aCo-JMCR
_cCo-JMCR
041 0 _aspa
082 0 4 _a370.115 /
_bM678c
_223
110 1 _aMisión Ciencia, Educación y Desarrollo (Colombia)
_99244
245 1 0 _aCiencia y educación para el desarrollo :
_b Informes de comisionados iii /
_cMisión Ciencia, Educación y Desarrollo ; Eduardo Posada F., Rodolfo R. Llinás
250 _aPrimera edición
260 _aBogotá :
_bConsejería Presidencial para el Desarrollo Institucional, Colciencias,
_c1995.
300 _a21, 427 páginas :
_b ilustraciones, diagramas, fotografías a color y blanco y negro ;
_c24 cm.
490 0 _aColección Documentos de la Misión
505 0 _aCiencia y tecnología para un país mejor -- Propiación social de la ciencia y la tecnología -- Popularización y educación -- Popularización y medios comunicación educación informal -- La popularización científica a nivel internacional
650 2 4 _aEducación
_99255
650 2 4 _aCiencia y tecnología
_93141
650 2 4 _aCiencia y tecnología
_93141
700 1 _aPosada F., Eduardo,
_dautor
_99256
700 1 _aLlinás, Rodolfo R.,
_dautor
_99257
942 _2ddc
_cBK
999 _c6071
_d6071